000 01471nam a2200289 a 4500
999 _c447882
_d447882
003 BLK
005 20230628133115.0
008 180410b bul|||||r ||||||| ||bul||
040 _aBLK
041 _aBUL
_cBUL
080 _aДраматични театри. Театри за драма и комедия. Вж и 82-2
_b792.2
_x(497.215)(062)
_z792.2(497.215)(062)
110 _9471280
_aДраматичен театър "Сава Огнянов" - Русе
139 _bД 87
245 1 0 _aСтаромодна комедия
_bПиеса от Алексей Арбузов
_cпрев. от рус. М. Йорданова, Н. Вълчев; текст на песен Бела Ахмадулина
_h[Малотир. изд.]
260 _aРусе
_bб. и.
_c1976
_9219538
300 _a12 с.
_bс ил.
_c21 см
380 _a7
500 _aСезон 1975/1976 г. Постановка Петър Александров; Сценография Надежда Митева; Муз. оформл. Иванка Бенчева; В ролите Виктор Данченко и Елена Стефанова
653 7 _9185505
_aДраматичен театър "Сава Огнянов"
653 7 _9197100
_aспектакли
653 7 _9198059
_aтеатрални постановки
852 _bК
_cК 792/Д 87
856 4 _qpdf
856 4 _qpdf
942 _cKNG
_n0
_s1
_01
944 _aCR
_c2022-03-09
_kХристина Везирева